Básně
| Main Author: | |
|---|---|
| Format: | Book |
| Language: | Undetermined |
| PhysicalDescription: | 198 s. |
| Published: |
Praha
Mladá fronta
Praha
|
| Edition: | 1. vyd. |
MARC
| LEADER | 00000nam a2200000 a 4500 | ||
|---|---|---|---|
| 001 | vtls001472555 | ||
| 003 | SK-MaSNL | ||
| 005 | 20260302073516.0 | ||
| 008 | 240315suuuu xx 0 und | ||
| 035 | |a SNK000427857 | ||
| 040 | |a SNK |b slo |c SNK |e AACR2 | ||
| 100 | 1 | |a Katullus, G. V. |4 aut |9 738011 | |
| 245 | 1 | |a Básně | |
| 250 | |a 1. vyd. | ||
| 260 | |a Praha |b Mladá fronta |c Praha | ||
| 300 | |a 198 s. | ||
| 999 | |c 1161114 |d 1163044 | ||
| 952 | |t P60, <04>, [BOOK], {604} |a SNK |b SNK |y VYP |7 0 |p 17A0425311 |o snkIE 1492 |i snkKIP 3029/59 |0 0 |1 0 |4 0 |d 2004-04-05 |l 0 |r 2005-01-02 00:00:00 |w 2026-02-24 | ||


